Boletín informativo CEPES (Registro nro. 25181)
[ vista simple ]
| 000 -CABECERA | |
|---|---|
| Longitud fija campo de control | 01216nas a2200361 c 4500 |
| 001 - NÚMERO DE CONTROL | |
| Número de control | 25181 |
| 003 - IDENTIFICADOR DE NÚMERO DE CONTROL | |
| Identificador del número de control | ES-MaCES |
| 005 - FECHA Y HORA DE LA ÚLTIMA TRANSACCIÓN | |
| Fecha y hora de la última transacción | 20161020113743.0 |
| 008 - CAMPO FIJO DE DESCRIPCIÓN FIJA--INFORMACIÓN GENERAL | |
| Códigos de información de longitud fija | 931220d1900 sp x| | 0spa d |
| 035 ## - NÚMERO DE CONTROL DEL SISTEMA | |
| Número de control del sistema | CES19980001618p |
| Número de control cancelado;no válido | 10164 |
| 040 ## - FUENTE DE CATALOGACIÓN | |
| Centro catalogador de origen | ES-MaCES |
| Lengua de catalogación | spa |
| Centro transcriptor | ES-MaCES |
| 245 00 - MENCIÓN DE TÍTULO | |
| Título | Boletín informativo CEPES |
| Mención de responsabilidad, etc. | Comité Español Permanente de Economía Social |
| 246 13 - FORMA VARIANTE DEL TÍTULO | |
| Título propio ; Título en breve | ES |
| 260 ## - PUBLICACIÓN, DISTRIBUCIÓN, ETC (PIE DE IMPRENTA) | |
| Lugar de publicación, distribución, etc. | [Madrid (Vallehermoso, 15, 28015)] |
| Nombre del editor, distribuidor, etc. | [CEPES] |
| 300 ## - DESCRIPCIÓN FÍSICA | |
| Extensión | v. |
| Dimensiones | 30 cm |
| 310 ## - PERIODICIDAD ACTUAL DE LA PUBLICACIÓN | |
| Periodicidad actual | Irregular |
| 500 ## - NOTA GENERAL | |
| Nota general | Continuada por: CEPES noticias |
| 500 ## - NOTA GENERAL | |
| Nota general | Descripción basada en: n. 4 (nov. 1993) |
| 500 ## - NOTA GENERAL | |
| Nota general | Tít. tomado de la cub |
| 541 ## - NOTA DE LA FUENTE INMEDIANTE DE ADQUISICIÓN | |
| Forma de adquisición | Gratuito |
| 650 #4 - ASIENTO SECUNDARIO DE MATERIA--TÉRMINO DE MATERIA | |
| Término de materia o nombre geográfico como elemento inicial | organización sin fines de lucro |
| 9 (RLIN) | 27312 |
| 650 #4 - ASIENTO SECUNDARIO DE MATERIA--TÉRMINO DE MATERIA | |
| Término de materia o nombre geográfico como elemento inicial | mutualidad |
| 9 (RLIN) | 30256 |
| 650 #4 - ASIENTO SECUNDARIO DE MATERIA--TÉRMINO DE MATERIA | |
| Término de materia o nombre geográfico como elemento inicial | cooperativa |
| 9 (RLIN) | 27136 |
| 650 #4 - ASIENTO SECUNDARIO DE MATERIA--TÉRMINO DE MATERIA | |
| Término de materia o nombre geográfico como elemento inicial | economía social |
| 9 (RLIN) | 30379 |
| 653 10 - TÉRMINO DE INDEXACIÓN--NO CONTROLADO | |
| Término no controlado | Economía |
| 710 2# - ENCABEZAMIENTO SECUNDARIO--NOMBRE CORPORATIVO | |
| Nombre de entidad o nombre de jurisdicción como elemento inicial | Comité Español Permanente de la Economía Social |
| 9 (RLIN) | 2199 |
| 785 00 - ENTRADA POSTERIOR | |
| Título | CEPES noticias Confederación Empresarial Española de la Economía Social |
| Número de control del registro relacionado | (ES-MaCES)25528 |
| 866 #0 - FUENTES TEXTUALES--UNIDAD BIBLIOGRÁFICA BÁSICA | |
| Holdings textuales | 1993. |
| Nota pública | Ubicación: DEPÓSITO - 10164 |
| 905 ## - CES. DATOS REVISTA | |
| Boletín de sumarios (Sirtex 591$a) | Boletín A |
| Proceso | + |
| 942 ## - ELEMENTOS KOHA | |
| Fuente de clasificaión o esquema | Clasificación propia del CES |
| Koha [por defecto] tipo de item | Periódicas |
| Parte de clasificación | Economía |
| Serie de enumeración ; cronología | Número de registro | Préstamos totales | Tipo de item de Koha |
|---|---|---|---|
| N. 1 (may. 1993) | 001553 | Periódicas | |
| N. 2 (oct. 1993) | 001389 | Periódicas | |
| N. 3 (nov. 1993) | 001390 | Periódicas | |
| N. 4 (nov. 1993) | 001391 | Periódicas | |
| N. 5 (dic. 1993) | 001554 | Periódicas |
